00726cam a2200205 a 450000100100000000500170001000800410002702000150006804000250008308200180010810000280012624000270015424500840018126000530026530000280031849000590034660000280040570000430043383000440047600001141520200929162439.0091016s1955 mx 001 0 spa d a9681617053 aDO-SdBNPbspacBNPHU a910.92bP778c1 aCollis, Maurice,d1889-10aMarco Polo.lEspañol10aMarco polo /cMaurice Collis ; traducción de Francisco González Arámburo. aMéxico :bFondo de Cultura Económica,c1955. a214 p. :bil. ;c17 cm.1 aBreviários del Fundo de CulturaBiblioteca Jovenv10514aPOLO, MARCOd1254-1323?12aGonzález Arámburo, Francisco,etr. 0aBreviários del Fundo de Cultura;n105